000 00505nam a2200181Ia 4500
005 20250326143149.0
008 250326s9999 xx 000 0 und d
037 _aTextbook
040 _aFMSL
_beng
_cFMSL
041 _aeng
_2eng
084 _aX61.42 Mo
_qFMSL
100 _aSuzuki Y
_9745340
245 0 _aMoney and Banking in Contemporary Japan
_cSuzuki Y
260 _aLondon
_bLondon, Yale University
_c1980
300 _a256p
942 _cTB
_hX61.42 Mo
999 _c1298392
_d1298392